Five Most Murderous Countries by Continent - Statistics

General Stats
  • This quiz has been taken 11,595 times
    11,284 since last reset
  • The average score is 23 of 30
Answer Stats
Continent Murders Country % Correct
North America 26,037 Mexico
95%
North America 14,827 United States
95%
South America 50,108 Brazil
94%
Europe 13,120 Russia
93%
Europe 653 United Kingdom
93%
Oceania 254 Australia
92%
Asia 13,410 China
92%
Oceania 41 New Zealand
90%
South America 14,670 Colombia
89%
Asia 43,355 India
89%
South America 2,237 Argentina
86%
Europe 665 France
86%
South America 16,072 Venezuela
85%
Europe 662 Germany
83%
South America 2,865 Peru
83%
Africa 16,259 South Africa
83%
Africa 33,817 Nigeria
81%
Africa 18,586 DR Congo
76%
Asia 13,846 Pakistan
76%
Oceania 713 Papua New Guinea
76%
Oceania 35 Fiji
74%
Europe 1,988 Ukraine
74%
North America 7,172 Honduras
73%
North America 6,025 Guatemala
72%
North America 2,594 El Salvador
69%
Africa 11,048 Ethiopia
56%
Oceania 24 Solomon Islands
51%
Asia 8,484 Philippines
50%
Africa 6,071 Tanzania
40%
Asia 8,044 Myanmar
38%
No matching quizzes found
Score Distribution
Percent of People with Each Score
Percentile by Number Answered
Your Score History
You have not taken this quiz since the last reset